Statystyki dla Wszyscy zwycięzcy turniejów ATP w 2022 roku

Kliknij tutaj aby rozwiązać quiz!

Ogólne statystyki

  • Ten quiz został rozwiązany 52 razy
  • Średni wynik to 14 z 37

Statystyki odpowiedzi

TurniejeZawodnicy% Poprawnych
Wimbledon
ATP Finals
Rzym (1000)
Astana (500)
Tel Awiw (250)
Novak Djoković
95%
Australian Open
French Open
Acapulco (500)
Melbourne (250)
Rafael Nadal
95%
Halle (500)Hubert Hurkacz
93%
US Open
Miami (1000)
Madryt (1000)
Rio de Janeiro (500)
Barcelona (500)
Carlos Alcaraz
88%
Wiedeń (500)
Los Cabos (250)
Danił Miedwiediew
80%
Monako (1000)
Majorka (250)
Stefanos Tsitsipas
78%
Buenos Aires (250)
Genewa (250)
Gstaad (250)
Casper Ruud
70%
Dubaj (500)
Marsylia (250)
Belgrad (250)
Gijon (250)
Andrej Rublew
65%
Paryż (1000)
Monachium (250)
Sztokholm (250)
Holger Rune
58%
Indian Wells (1000)
Tokio (500)
Eastbourne (250)
Taylor Fritz
58%
Umag (250)Jannik Sinner
53%
Waszyngton (500)Nick Kyrgios
50%
Londyn (500)
Stuttgart (250)
Matteo Berrettini
45%
Delray Beach (250)
Lyon (250)
Cameron Norrie
43%
Cincinnati (1000)Borna Corić
38%
Hamburg (500)
Neapol (250)
Lorenzo Musetti
38%
Rotterdam (500)
Bazylea (500)
Florencja (250)
Antwerpia (250)
Felix Auger-Aliassime
35%
Doha (250)
Kitzbuhel (250)
Roberto Bautista-Agut
35%
Seul (250)Yoshito Nishioka
28%
Montpellier (250)Aleksandr Bublik
25%
Atlanta (250)Alex De Minaur
25%
Dallas (250)
Houston (250)
Reilly Opelka
25%
Bastad (250)Francisco Cerundolo
23%
Montreal (1000)Pablo Carreno-Busta
23%
Marrakesz (250)David Goffin
20%
Estoril (250)Sebastian Baez
20%
Winston-Salem (250)Adrian Mannarino
18%
Metz (250)Lorenzo Sonego
18%
Sydney (250)Asłan Karacjew
13%
Sofia (250)Marc-Andrea Huesler
13%
Newport (250)Maxime Cressy
13%
s-Hertogenbosch (250)Tim van Rijthoven
13%
Adelajda (250)Thanasi Kokkinakis
10%
Cordoba (250)Albert Ramos-Vinolas
8%
Adelajda (250)Gael Monflis
3%
Pune (250)Joao Sousa
0%
Santiago (250)Pedro Martinez
0%

Rozkład punktacji

Percentyl według liczby udzielonych odpowiedzi

Procent ludzi z każdym wynikiem

Twoja historia wyników

Nie rozwiązałeś tego quizu